With the fly (A vau-l'eau) and other works, including Marthe, A dish of spices (Le drageoir aux épices), Critical papers (from Certains and L'art moderne), and a Twenty-year-after preface (to A rebours) / (Record no. 174464)
[ view plain ]
| 000 -LEADER | |
|---|---|
| fixed length control field | 01073cam a2200265 i 4500 |
| 001 - CONTROL NUMBER | |
| control field | 4106074 |
| 003 - CONTROL NUMBER IDENTIFIER | |
| control field | NUST |
| 005 - DATE AND TIME OF LATEST TRANSACTION | |
| control field | 20190402075317.0 |
| 008 - FIXED-LENGTH DATA ELEMENTS--GENERAL INFORMATION | |
| fixed length control field | 750122r19751927nyu 000 1 eng |
| 010 ## - LIBRARY OF CONGRESS CONTROL NUMBER | |
| LC control number | 75001383 |
| 020 ## - INTERNATIONAL STANDARD BOOK NUMBER | |
| International Standard Book Number | 1843910503 |
| 038 ## - RECORD CONTENT LICENSOR | |
| Staff Name | Arshad |
| 040 ## - CATALOGING SOURCE | |
| Original cataloging agency | DLC |
| Transcribing agency | DLC |
| Modifying agency | DLC |
| 041 1# - LANGUAGE CODE | |
| Language code of text/sound track or separate title | engfre |
| 050 00 - LIBRARY OF CONGRESS CALL NUMBER | |
| Classification number | PZ3.H987 |
| Item number | Do6 |
| Classification number | PQ2309.H4 |
| 082 00 - DEWEY DECIMAL CLASSIFICATION NUMBER | |
| Classification number | 843.8 |
| Author Mark | HUY |
| 100 1# - MAIN ENTRY--PERSONAL NAME | |
| Personal name | Huysmans, J.-K. |
| Fuller form of name | (Joris-Karl), |
| Dates associated with a name | 1848-1907. |
| 9 (RLIN) | 14064 |
| 245 10 - TITLE STATEMENT | |
| Title | With the fly (A vau-l'eau) and other works, including Marthe, A dish of spices (Le drageoir aux épices), Critical papers (from Certains and L'art moderne), and a Twenty-year-after preface (to A rebours) / |
| Statement of responsibility, etc. | by J. K. Huysmans ; from the French, with a critical study by Samuel Putnam. |
| 260 ## - PUBLICATION, DISTRIBUTION, ETC. | |
| Place of publication, distribution, etc. | New York : |
| Name of publisher, distributor, etc. | H. Fertig, |
| Date of publication, distribution, etc. | 1975. |
| 300 ## - PHYSICAL DESCRIPTION | |
| Extent | xvi, 343 p. ; |
| Dimensions | 21 cm. |
| 500 ## - GENERAL NOTE | |
| General note | Reprint of the 1927 ed. published by P. Covici, Chicago. |
| 600 10 - SUBJECT ADDED ENTRY--PERSONAL NAME | |
| Personal name | Huysmans, J.-K. |
| Fuller form of name | (Joris-Karl), |
| Dates associated with a name | 1848-1907 |
| General subdivision | Translations into English. |
| 9 (RLIN) | 14065 |
| 906 ## - LOCAL DATA ELEMENT F, LDF (RLIN) | |
| a | 7 |
| b | cbc |
| c | orignew |
| d | 1 |
| e | ocip |
| f | 19 |
| g | y-gencatlg |
| 942 ## - ADDED ENTRY ELEMENTS (KOHA) | |
| Source of classification or shelving scheme | |
| Koha item type | Book |
| Withdrawn status | Lost status | Source of classification or shelving scheme | Damaged status | Not for loan | Permanent Location | Current Location | Shelving location | Date acquired | Total Checkouts | Full call number | Barcode | Checked out | Date last seen | Date last checked out | Copy number | Price effective from | Koha item type |
|---|---|---|---|---|---|---|---|---|---|---|---|---|---|---|---|---|---|
| Central Library (CL) | Central Library (CL) | Fiction | 01/26/2017 | 1 | 843.8 HUY | CL1469 | 12/13/2025 | 11/13/2025 | 11/13/2025 | 1 | 01/26/2017 | Book |
